Εθνικός Ύμνος της Ελλάδας - Statistics

General Stats
  • This quiz has been taken 85 times
  • The average score is 34 of 36
Answer Stats
Στίχους % Correct
Σὲ
100%
γνωρίζω
100%
σὲ
100%
γνωρίζω
100%
Ἀπ’
100%
100%
τὴν
99%
τὴν
99%
τὴν
99%
ὄψι,
99%
τὴν
99%
ἀπὸ
96%
τοῦ
96%
σπαθιοῦ
96%
ἀπὸ
96%
Κόψη
95%
τρομερή,
95%
ποὺ
93%
μὲ
93%
τὰ
93%
κόκκαλα
93%
βγαλμένη
93%
τῶν
93%
Ἑλλήνων
93%
τὰ
93%
ἱερά,
93%
μετράει
92%
καὶ
91%
σὰν
91%
πρῶτα
91%
γῆ.
89%
Ἐλευθεριά!
87%
βία
85%
ἀνδρειωμένη,
84%
χαῖρε,
83%
χαῖρε,
83%
No matching quizzes found
Score Distribution
Percent of People with Each Score
Percentile by Number Answered
Your Score History
You have not taken this quiz